| 000 | 00356nam a2200097Ia 4500 | ||
|---|---|---|---|
| 008 | 180130s9999 xx 000 0 und d | ||
| 245 |
_cDuan, Lian _aDensity-based clustering and anomaly detection |
||
| 260 | _c2015 | ||
| 300 | _aBook title: Business intelligence for business development--Acession number C20755; pages 91-108 | ||
| 650 | _aBUSINESS DEVELOPMENT | ||
| 999 |
_c354497 _d354497 |
||